Vista normal
Vista MARC
- Álvarez Jiménez, Carlos
Entrada Nombre de persona
Número de registros utilizados en: 1
001 - NÚMERO DE CONTROL
- campo de control: 234
003 - IDENTIFICADOR DEL NÚMERO DE CONTROL
- campo de control: ES-MaFIAP
005 - FECHA Y HORA DE LA ÚLTIMA TRANSACCIÓN
- campo de control: 20220921161027.0
008 - DATOS DE LONGITUD FIJA
- campo de control de longitud fija: 220920|| aca||aabn | a|a d
040 ## - FUENTE DE LA CATALOGACIÓN
- Centro catalogador/agencia de origen: ES-MaFIAP
- Centro/agencia transcriptor: ES-MaFIAP
100 ## - ENCABEZAMIENTO-NOMBRE DE PERSONA
- Nombre de persona: Álvarez Jiménez, Carlos
- Fechas asociadas al nombre: 1942-
372 ## - CAMPO DE ACTIVIDAD
- Campo de actividad: Ética empresarial
372 ## - CAMPO DE ACTIVIDAD
- Campo de actividad: Direccion de personal
375 ## - GÉNERO/SEXO
- Género/Sexo: Hombre
670 ## - FUENTE DE DATOS ENCONTRADOS
- Cita de la fuente: Work cat.: (ES-MaFIAP)72: Sociedad civil, inclusión social y sector fundacional en España [Texto impreso] :, 2014





